| 000 | 00356cam a2200145ua 4500 | ||
|---|---|---|---|
| 041 |
_aeng _h |
||
| 082 |
_a923.2 _bTEN/MA |
||
| 100 | _aTendulkar, D.G . | ||
| 245 |
_aMahatma, vol 2 / _cD.G.Tendulkar. _hTextual Documents |
||
| 260 |
_aIndia : _bThe publication division , _c1961. |
||
| 300 | _a394 ; . | ||
| 504 | _a | ||
| 942 | _cBK | ||
| 999 |
_c1177 _d1177 |
||